Представление документа в формате RUSMARC

ПолеНазваниеЗначение
  Тип записи a
  Библиографический уровень m
001 Контрольный номер RU/SLIB/B/208747838
005 Дата корректировки 20201206204119.3
010 Индекс ISBN __
d Цена 1-50
101 Язык документа 0_
a Язык текста rus
200 Заглавие и сведения об ответственности 1_
a Заглавие Умей бороться до конца: Рассказы о спорте
e Сведения, относящиеся к заглавию для мл. шк. возраста
f Первые сведения об ответственности сост. А. С. Комиссарова
b Общее обозначение материала Текст
210 Выходные данные __
a Место издания М.
c Издательство Дет. лит.
d Дата издания 1980
215 Физическое описание __
a Объем 399 с., [48] л. фотоил.
606 Тематические рубрики __
a Основная рубрика Физическая культура и спорт
606 Тематические рубрики __
a Основная рубрика Организация физической культуры и спорта
610 Ключевые слова __
a Ключевые слова олимпийские игры; спортсмены; познавательная литература; тема спорта
686 Индексы других классификаций __
a Классификационный индекс 75.4(2Рос); мл75
702 Вторичная интеллектуальная ответственность _1
a Фамилия Комиссарова
b Имя А. С.
4 Код отношения Составитель
4 Код отношения 220
801 Источник записи _0
a Страна RU
b Организация Муниципальное бюджетное учреждение культуры "Централизованная библиотечная система" г. Сургут (Центральная городская библиотека им. А. С. Пушкина)
g Правила каталогизации КиК/Уланова
801 Источник записи _1
a Страна RU
b Организация Муниципальное бюджетное учреждение культуры "Централизованная библиотечная система" г. Сургут (Центральная городская библиотека им. А. С. Пушкина)
g Правила каталогизации КиК/Уланова
852 Данные о местонахождении __
j Шифр хранения 75.4(2Рос)
c Каталожный индекс 75.4
i Авторский знак У 52
p Инвентарный номер 1223
901 Тип документа __
t Тип документа m
903 Характеристики (МАРС) __
a Дата передачи 20090114
990 Данные о заказе (DOS) __
j Количество экземпляров (DOS) 2